000 00943nas a2200301 4500
001 BR2011000184
003 BR-BrBNA
005 20231205114356.0
007 ta
008 230509b bl.|||p| |||| 00| 00por d
040 _aBR-BrBNA
_bpor
_cBiblioteca Nacional de Agricultura
041 _a(Pt)
072 _aL01
100 1 _aMorais, O.R. de
100 1 _aCardoso, F.F.
245 1 _aOvinocultura como opção de renda para a pecuária familiar
650 _aOVINO
650 _aAGRICULTURA FAMILIAR
650 _aOVINOCULTURA
650 _aAGRICULTURA DE SUBSISTÊNCIA
650 _aALIMENTAÇÃO
650 _aPRODUTIVIDADE
650 _aPRODUÇÃO LEITEIRA
650 _aMINAS GERAIS
773 0 _tInforme Agropecuário - Empresa de Pesquisa Agropecuária de Minas Gerais (Brazil)
_xISSN 0100-3364
_g(May-Jun 2010), v. 31(256) p. 58-62
_wBR2011000184
909 _a202311
_bLúcia
_c55
_dLúcia Elande
942 _2AGRIS
_n0
_cANA
999 _c208491
_d208491